| 000 | 00648nam a2200181 i 4500 | ||
|---|---|---|---|
| 001 | 87453 | ||
| 003 | ES-MaACL | ||
| 005 | 20230906175657.0 | ||
| 007 | t| | ||
| 008 | 041222s1927 fr ||||1| fre d | ||
| 100 | 1 |
_aKretschmer, Ernst ( _d1888-1964) _9171966 |
|
| 245 | 1 | 0 |
_aManuel théorique et practique de phychologie medicale / _cErnst Kretschmer ; traduit d'après la troisième édition par S. Jankélévitch. |
| 260 |
_aParis : _bPayot, _c1927 ( _eVannes : _fLafolye Frères et Cie.) |
||
| 300 |
_a488 p., 8 lám. : _bil. ; _c22 cm. |
||
| 650 | 4 |
_aPsicopatología. _916577 |
|
| 700 | 0 |
_aJankélévitch, S. _966032 |
|
| 852 |
_aES-MaACL _jE-606 |
||
| 999 |
_c87453 _d87453 |
||